Honor among thieves. #1 / Rachel Caine & Ann ... Read More
Available copies
- 4 of 4 copies available at LARL/NWRL Consortium.
- 2 of 2 copies available at Lake Agassiz Regional Library. (Show preferred library)
Current holds
0 current holds with 4 total copies.
View other formats and editions
Show Only Available Copies
| Location | Call Number / Copy Notes | Barcode | Shelving Location | Status | Due Date |
|---|---|---|---|---|---|
| Fosston Public Library | Y CAI (Text) | 33500012645719 | Main | Available | - |
| Moorhead Public Library | Y CAI (Text) | 33500012645727 | Main | Available | - |
| Roseau Public Library | ya CAI (Text) | 35500006010639 | Main | Available | - |
| Thief River Falls Public Library | ya CAI (Text) | 35500006010621 | Main | Available | - |
Record details
- ISBN: 9780062570994
- ISBN: 0062570994
- Physical Description: 465 pages : illustration ; 22 cm
- Edition: First edition.
- Publisher: New York, NY : Katherine Tegen Books, an imprint of HarperCollins Publishers, [2018]
- Copyright: ©2018
Content descriptions
| Summary, etc.: | Petty criminal Zara Cole is recruited into the ... Read More Petty criminal Zara Cole's painful past made her ... Read More |
| Target Audience Note: | Ages 13 and up. |
Search for related items by subject
| Genre: | Science fiction. Science fiction. |
Search for related items by series
| LDR | 02693cam a2200577Ii 4500 | ||
|---|---|---|---|
| 001 | 273459 | ||
| 003 | LARL_NWRL_CONSORTIUM | ||
| 005 | 20180221202350.0 | ||
| 008 | 170524t20182018nyua d 000 1 eng d | ||
| 010 | . | ‡a 2017943387 | |
| 040 | . | ‡aYDX ‡beng ‡erda ‡cYDX ‡dBDX ‡dCHILD ‡dCLE ‡dOI6 ‡dILC ‡dKVIJL ‡dVP@ ‡dCGP ‡dNGP ‡dCO2 | |
| 020 | . | ‡a9780062570994 ‡q(hardcover) | |
| 020 | . | ‡a0062570994 ‡q(hardcover) | |
| 035 | . | ‡a(OCoLC)987764792 | |
| 082 | 1 | 4. | ‡a[Fic] |
| 100 | 1 | . | ‡aCaine, Rachel, ‡eauthor. ‡0(LARL_NWRL_CONSORTIUM)208549 |
| 245 | 1 | 0. | ‡aHonor among thieves. ‡n#1 / ‡cRachel Caine & Ann Aguirre. |
| 246 | 3 | 4. | ‡aHonor among thieves : ‡b100 were chosen. One will resist |
| 250 | . | ‡aFirst edition. | |
| 264 | 1. | ‡aNew York, NY : ‡bKatherine Tegen Books, an imprint of HarperCollins Publishers, ‡c[2018] | |
| 264 | 4. | ‡c©2018 | |
| 300 | . | ‡a465 pages : ‡billustration ; ‡c22 cm | |
| 336 | . | ‡atext ‡btxt ‡2rdacontent | |
| 337 | . | ‡aunmediated ‡bn ‡2rdamedia | |
| 338 | . | ‡avolume ‡bnc ‡2rdacarrier | |
| 490 | 0 | . | ‡aHonors ; ‡v1 |
| 520 | . | ‡aPetty criminal Zara Cole is recruited into the Honors, an elite team of humans chosen by the Leviathan to explore the outer reaches of the universe. | |
| 520 | . | ‡aPetty criminal Zara Cole's painful past made her strong, and she chose life in New Detroit instead moving with her family to Mars. But now she's committed a crime that has her heading to jail. Instead Zara is recruited into the Honors, an elite team of humans selected by the Leviathan-- a race of sentient alien ships-- to explore the outer reaches of the universe as their passengers. When she meets Nadim, the alien ship she's assigned, Zara starts to feel at home for the first time. But there are dark, ominous truths that lurk behind the alluring glitter of starlight.... | |
| 521 | 8 | . | ‡aAges 13 and up. |
| 650 | 0. | ‡aInterplanetary voyages ‡vJuvenile fiction. | |
| 650 | 0. | ‡aArtificial intelligence ‡vFiction. ‡0(LARL_NWRL_CONSORTIUM)169021 | |
| 650 | 0. | ‡aSpace ships ‡vFiction. ‡0(LARL_NWRL_CONSORTIUM)167257 | |
| 650 | 0. | ‡aHuman-alien encounters ‡vFiction. ‡0(LARL_NWRL_CONSORTIUM)165608 | |
| 650 | 0. | ‡aYoung adult fiction. ‡0(LARL_NWRL_CONSORTIUM)35107 | |
| 650 | 4. | ‡aScience fiction. ‡0(LARL_NWRL_CONSORTIUM)178126 | |
| 650 | 4. | ‡aInterplanetary voyages ‡vFiction. ‡0(LARL_NWRL_CONSORTIUM)165342 | |
| 650 | 1. | ‡aInterplanetary voyages ‡vFiction. ‡0(LARL_NWRL_CONSORTIUM)165342 | |
| 651 | 1. | ‡aOuter space ‡xExploration ‡vFiction. | |
| 650 | 1. | ‡aHuman-alien encounters ‡vFiction. ‡0(LARL_NWRL_CONSORTIUM)165608 | |
| 650 | 1. | ‡aScience fiction. ‡0(LARL_NWRL_CONSORTIUM)178126 | |
| 655 | 7. | ‡aScience fiction. ‡2lcgft | |
| 655 | 7. | ‡aScience fiction. ‡2gsafd | |
| 700 | 1 | . | ‡aAguirre, Ann, ‡eauthor. ‡0(LARL_NWRL_CONSORTIUM)199653 |
| 901 | . | ‡a273459 ‡bOCoLC ‡c273459 ‡tbiblio ‡soclc | |

Add to basket
Permalink
Disable Highlighting